Nutrient requirements and feeding of finfish for aquaculture

Good nutrition is fundamental to the success and sustainability of the aquaculture industry in terms of economics, fish health, high quality product production and minimizing environmental pollution. This book provides a unique, complete coverage of current information on nutrient requirements, feed...

全面介绍

Đã lưu trong:
书目详细资料
格式: 图书
语言:Undetermined
出版: Wallingford, UK CABI 2002
主题:
标签: 添加标签
没有标签, 成为第一个标记此记录!
Thư viện lưu trữ: Trung tâm Học liệu Trường Đại học Cần Thơ
LEADER 01238nam a2200205Ia 4500
001 CTU_67579
008 210402s9999 xx 000 0 und d
020 |b 149.47 
082 |a 639.3 
082 |b N976 
245 0 |a Nutrient requirements and feeding of finfish for aquaculture 
245 0 |c Edited by Carl D. Webster and Chhorn. E. Lim 
260 |a Wallingford, UK 
260 |b CABI 
260 |c 2002 
520 |a Good nutrition is fundamental to the success and sustainability of the aquaculture industry in terms of economics, fish health, high quality product production and minimizing environmental pollution. This book provides a unique, complete coverage of current information on nutrient requirements, feed formulations and feeding practices of commercially important aquaculture species cultured around the world. Each chapter contains detailed feeding information on specific species and is written by an expert nutritionist on that species. The book is of interest to those working professionally in the industry, graduate level students and researchers. 
650 |a Fishes,Fishes 
650 |x Feeding and feeds,Nutrition,Requirements 
904 |i Minh 
980 |a Trung tâm Học liệu Trường Đại học Cần Thơ